Thai style / (Record no. 1082)

MARC details
000 -LEADER
fixed length control field 01289cam a2200349 a 4500
005 - DATE AND TIME OF LATEST TRANSACTION
control field 20260322212046.0
008 - FIXED-LENGTH DATA ELEMENTS--GENERAL INFORMATION
fixed length control field data
010 ## - LIBRARY OF CONGRESS CONTROL NUMBER
LC control number 88043422
020 ## - INTERNATIONAL STANDARD BOOK NUMBER
International Standard Book Number 0847810437 :
Terms of availability {dollar}35.00
020 ## - INTERNATIONAL STANDARD BOOK NUMBER
International Standard Book Number 9780847810437 :
Terms of availability {dollar}35.00
040 ## - CATALOGING SOURCE
Original cataloging agency DLC
Transcribing agency DLC
Modifying agency DLC
043 ## - GEOGRAPHIC AREA CODE
Geographic area code a-th---
050 00 - LIBRARY OF CONGRESS CALL NUMBER
Classification number NK2078.7.A1
Item number W37 1989
082 00 - DEWEY DECIMAL CLASSIFICATION NUMBER
Classification number 747.29593
Edition information 19
092 ## - LOCALLY ASSIGNED DEWEY CALL NUMBER (OCLC)
Classification number 747.29 W37 1989
001 - CONTROL NUMBER
control field data
245 00 - TITLE STATEMENT
Title Thai style /
Statement of responsibility, etc. edited by William Warren, Luca Invernizzi & Gretchen Liu.
260 ## - PUBLICATION, DISTRIBUTION, ETC.
Place of publication, distribution, etc. New York :
Name of publisher, distributor, etc. Rizzoli,
Date of publication, distribution, etc. 1989.
300 ## - PHYSICAL DESCRIPTION
Extent 216 p. :
Other physical details ill. (some col.) ;
Dimensions 26 cm.
650 #0 - SUBJECT ADDED ENTRY--TOPICAL TERM
Topical term or geographic name entry element Interior decoration
Geographic subdivision Thailand.
700 1# - ADDED ENTRY--PERSONAL NAME
Personal name Warren, William,
Dates associated with a name 1930-
700 1# - ADDED ENTRY--PERSONAL NAME
Personal name Invernizzi, Luca.
700 1# - ADDED ENTRY--PERSONAL NAME
Personal name Liu, Gretchen.
856 42 - ELECTRONIC LOCATION AND ACCESS
Materials specified Contributor biographical information
Uniform Resource Identifier <a href="http://www.loc.gov/catdir/enhancements/fy0601/88043422-b.html">http://www.loc.gov/catdir/enhancements/fy0601/88043422-b.html</a>
856 42 - ELECTRONIC LOCATION AND ACCESS
Materials specified Publisher description
Uniform Resource Identifier <a href="http://www.loc.gov/catdir/enhancements/fy0601/88043422-d.html">http://www.loc.gov/catdir/enhancements/fy0601/88043422-d.html</a>
906 ## - LOCAL DATA ELEMENT F, LDF (RLIN)
a 7
b cbc
c orignew
d 1
e ocip
f 19
g y-gencatlg
922 ## -
-- ad
985 ## -
-- GAP
991 ## -
-- c-GenColl
-- NK2078.7.A1
-- W37 1989
-- am
-- Copy 1
-- BOOKS
991 ## -
-- c-GenColl
-- NK2078.7.A1
-- W37 1989
-- 00020951254
-- Copy 1
-- BOOKS
Holdings
Withdrawn status Lost status Damaged status Not for loan Home library Current library Shelving location Date acquired Total checkouts Full call number Barcode Date last seen Price effective from Koha item type
        Pleasant Valley Pleasant Valley General stacks 22/03/2026   747.29593 19 BC0011116 22/03/2026 22/03/2026 Books